Statistics for Non-Bordering Countries Closest to Germany - One Minute Sprint

Click here to take the quiz!

General Stats

  • This quiz has been taken 93 times
  • The average score is 14 of 20

Answer Stats

kmcountrymiles% Correct
295United Kingdom184
95%
72Sweden45
93%
327Norway203
88%
118Slovenia73
88%
221Hungary137
87%
45Italy28
87%
224Slovakia139
85%
33Liechtenstein20
84%
222Croatia138
73%
422Monaco262
71%
388San Marino241
70%
357Russia222
65%
576Belarus358
61%
595Ukraine370
61%
496Latvia308
59%
459Lithuania285
59%
620Vatican City385
59%
485Serbia301
56%
331Bosnia and
Herzegovina
205
55%
558Romania347
52%

Score Distribution

Percentile by Number Answered

Percent of People with Each Score

Your Score History

You have not taken this quiz